Tres piés al gato... (Record no. 157139)

MARC details
000 -LEADER
campo de control de longitud fija 01053nam a22001935i 4500
001 - NÚMERO DE CONTROL
campo de control 157139
003 - IDENTIFICADOR DE NÚMERO DE CONTROL
campo de control ES-MaACL
005 - FECHA Y HORA DE LA ÚLTIMA TRANSACCIÓN
campo de control 20250824063055.0
008 - DATOS DE LONGITUD FIJA--INFORMACIÓN GENERAL
campo de control de longitud fija 020304s1876 sp |||| | spa d
040 ## - FUENTE DE CATALOGACIÓN
Centro catalogador/agencia de origen CAM
Lengua de catalogación spa
Centro/agencia transcriptor CAM
100 1# - ENTRADA PRINCIPAL--NOMBRE DE PERSONA
Nombre de persona Larra y Wetoret, Luis Mariano de,
Fechas asociadas al nombre 1830-1901
9 (RLIN) 70289
245 10 - MENCIÓN DEL TÍTULO
Título Tres piés al gato...
Resto del título : comedia en tres actos y en verso /
Mención de responsabilidad, etc. original de Luis Mariano de Larra.
260 ## - PUBLICACIÓN, DISTRIBUCIÓN, ETC.
Lugar de publicación, distribución, etc. Madrid :
Nombre del editor, distribuidor, etc. [s.n.],
Fecha de publicación, distribución, etc. 1876 (
Fabricante Imprenta de José Rodríguez)
300 ## - DESCRIPCIÓN FÍSICA
Extensión 84 p. ;
Dimensiones 19 cm.
500 ## - NOTA GENERAL
Nota general En port.: Representada por primera vez en el Teatro de la Comedia el dia 4 de marzo de 1876.
596 ## - NOTA AL PIE DE IMPRENTA
NOTA AL PIE DE IMPRENTA Al v. de port. consta : "... Galería Lírico-Dramática titulada El Teatro, de Alonso Gullon..."
852 ## - LOCALIZACIÓN
Ubicación ES-MaACL
Número de control de estantería F-8610(11)
Nota libre -- Enc. pasta española
-- -- Dedicatoria ms. del autor a Manuel G. Aparicio
condición física -- Falto de la cub. original
Nota libre --Enc. en un vol. facticio formando parte de la col. facticia "Teatro español moderno", vol. 65
-- .- Firma ms. de Gustavo Saenz Diez, 1877
Holdings
Estatus retirado Estado de pérdida Estado de daño No para préstamo Colección Biblioteca de origen Biblioteca actual Ubicación en estantería Fecha de adquisición Total de préstamos Signatura topográfica completa Código de barras Visto por última vez Precio de reemplazo Tipo de ítem Koha
        Libros del s. XIX Biblioteca del Ateneo de Madrid Biblioteca del Ateneo de Madrid Sala Pecera Planta 2 17/01/2008   F-8610(11) 1164415 23/02/2023 23/02/2023 Libro impreso antiguo